| 000 -CABECERA |
| campo de control de longitud fija |
00957nam a2200277 u 4500 |
| 001 - NÚMERO DE CONTROL |
| campo de control |
000041864 |
| 005 - FECHA Y HORA DE LA ÚLTIMA TRANSACCIÓN |
| campo de control |
20200120222401.0 |
| 008 - DATOS DE LONGITUD FIJA--INFORMACIÓN GENERAL |
| campo de control de longitud fija |
101102s2008 sp gr 000 0 spa d |
| 020 ## - NÚMERO INTERNACIONAL ESTÁNDAR DEL LIBRO |
| Número Internacional Estándar del Libro |
9788496822313 |
| 041 1# - CÓDIGO DE LENGUA |
| Código de lengua del texto/banda sonora o título independiente |
-spa |
| Código de lengua original |
eng |
| 082 04 - NÚMERO DE LA CLASIFICACIÓN DECIMAL DEWEY |
| Número de clasificación |
323.042 |
| Número de documento/Ítem |
H17p |
| Número de edición |
21 |
| 100 1# - ENTRADA PRINCIPAL--NOMBRE DE PERSONA |
| Nombre de persona |
Harty, Siobhán |
| 245 10 - MENCIÓN DE TÍTULO |
| Título |
Por una ciudadanía multinacional / |
| Mención de responsabilidad, etc. |
Siobhán Harty, Michael Murphy ; traducción: Ricardo García Pérez. |
| 250 ## - MENCIÓN DE EDICIÓN |
| Mención de edición |
1a. ed. |
| 260 ## - PUBLICACIÓN, DISTRIBUCIÓN, ETC. |
| Lugar de publicación, distribución, etc. |
Madrid : |
| Nombre del editor, distribuidor, etc. |
451 Editores, |
| Fecha de publicación, distribución, etc. |
2008. |
| 300 ## - DESCRIPCIÓN FÍSICA |
| Extensión |
331 p. |
| 490 #0 - MENCIÓN DE SERIE |
| Mención de serie |
451.http.doc |
| 500 ## - NOTA GENERAL |
| Nota general |
Título orginal : In defence of multinational citizenship |
| 500 ## - NOTA GENERAL |
| Nota general |
El ej.1 con N° de acceso 054000085 es de uso exclusivo para consulta en sala. Ubicación: Centro Empresarial El Cubo. |
| 650 14 - PUNTO DE ACCESO ADICIONAL DE MATERIA--TÉRMINO DE MATERIA |
| Término de materia o nombre geográfico como elemento de entrada |
Participación ciudadana |
| 650 24 - PUNTO DE ACCESO ADICIONAL DE MATERIA--TÉRMINO DE MATERIA |
| Término de materia o nombre geográfico como elemento de entrada |
Derechos políticos |
| 650 24 - PUNTO DE ACCESO ADICIONAL DE MATERIA--TÉRMINO DE MATERIA |
| Término de materia o nombre geográfico como elemento de entrada |
Desarrollo participativo |
| 650 24 - PUNTO DE ACCESO ADICIONAL DE MATERIA--TÉRMINO DE MATERIA |
| Término de materia o nombre geográfico como elemento de entrada |
Ciudadanía |
| 700 1# - PUNTO DE ACCESO ADICIONAL--NOMBRE DE PERSONA |
| Nombre de persona |
Murphy, Michael |
| 700 1# - PUNTO DE ACCESO ADICIONAL--NOMBRE DE PERSONA |
| Nombre de persona |
García Pérez, Ricardo |
| Término indicativo de función/relación |
tr. |